000 00913nam a22002057a 4500
999 _c11182
_d11182
003 AR-CdUCM
008 190403b ||||| |||| 00| 0 spa d
040 _aMUNICIPALIDAD PROVINCIAL DEL CUSCO
_cBIBLIOTECA MUNICIPAL DEL CUSCO
082 _a371 /
_bM58 / 1941
100 _aMillot, Albert.
_923349
245 _aLas grandes tendencias de la pedagogía contemporánea /
260 _aMéxico, D.F :
_bUnión Tip. Ed. Hispano Americana,
_c1941.
300 _a132 paginas ;
_c23 cm.
505 _aContenido : Naturaleza e importancia de la pedagogía -- Las influencias (factores sociales y políticos los maestros de la pedagogía) -- El conocimiento del niño -- El respeto a la personalidad del niño -- El respeto al desenvolvimiento natural del niño...
650 _aPedagogía
_91560
650 _aEscuela familiar
_928409
650 _aEducación moral
_93587
942 _2ddc
_cLIBROS
945 _awnts